Fyzika - fyzikální praktikum (pro SF ČVUT) /

Salvato in:
Dettagli Bibliografici
Autore principale: Toman, Jan (xxx)
Natura: Libro
Lingua:ceco
Pubblicazione: Praha : České vysoké učení technické v Praze, 1986
Edizione:1.vyd.
Soggetti:
Tags: Aggiungi Tag
Nessun Tag, puoi essere il primo ad aggiungerne!!

MARC

LEADER 00000nam a22000003a 4500
001 stu36296
005 20150617225727.6
008 920601s1986----cs------------------cze-d
040 |a STU  |b slo 
041 0 |a cze 
044 |a cs 
080 |a 53(075.8) 
100 1 |a Toman, Jan  |4 xxx 
245 1 |a Fyzika - fyzikální praktikum (pro SF ČVUT) /  |c Jan Toman a kol 
250 |a 1.vyd. 
260 |a Praha :  |b České vysoké učení technické v Praze,  |c 1986 
300 |a 162 s 
650 7 |a fyzika  |2 stusub 
996 |b 284M047912  |c M*S-196-2  |l MMKN  |s A  |a 24  |w stu36296_0001 
996 |b 284M047911  |c M*S-196-1  |l MMKN  |s A  |a 24  |w stu36296_0002